| 000 | 00493nam a22001697a 4500 | ||
|---|---|---|---|
| 003 | OSt | ||
| 005 | 20260121053010.0 | ||
| 008 | 260121b |||||||| |||| 00| 0 eng d | ||
| 020 | _a0-06-101317-x. | ||
| 040 |
_aDWC-Main lib. _cOC |
||
| 082 | _aFic. St62b 1997 | ||
| 100 | _aStockley, Grif | ||
| 245 |
_aBlind judgement: _ba gideon page novel/ _cGrif Stockley |
||
| 260 |
_aNew York: _bHarper Paperbacks, _cc1997. |
||
| 300 |
_a375 pages ; _c 17 centimeters. |
||
| 942 |
_2ddc _cFIC. _hFic. _n0 |
||
| 999 |
_c7651 _d7651 |
||